000 00916nam a2200193Ia 4500
999 _c37695
_d37695
001 3668
003 GE_BSU
005 20190624192505.0
008 181216s2011||||ge |||||||||||||| ||geo||
040 _cGE_BSU
041 _ageo
080 _a432.4(479.22) კ–73
245 _aსაქართველოს კონსტიტუცია :
_bმიღებულია 1995 წლის 24 აგვისტოს 2011 წლის 15 თებერვლის მდგომარეობით /
_cკონსტიტუციონალიზმის კვლევის და ხელშეწყობის რეგიონული ცენტრი
264 _aთბილისი,
_c2011
300 _a255 გვ.;
_b20 სმ.
653 _aსაქართველოს კონსტიტუცია
653 _aსამართალი
942 _cBK
_2udc